<?xml version="1.0" encoding="UTF-8"?>
<record
    xmlns:xsi="http://www.w3.org/2001/XMLSchema-instance"
    xsi:schemaLocation="http://www.loc.gov/MARC21/slim http://www.loc.gov/standards/marcxml/schema/MARC21slim.xsd"
    xmlns="http://www.loc.gov/MARC21/slim">

  <leader>00397nam a22001697a 4500</leader>
  <controlfield tag="003">3228</controlfield>
  <controlfield tag="005">20250611153805.0</controlfield>
  <controlfield tag="008"> eng </controlfield>
  <datafield tag="020" ind1=" " ind2=" ">
    <subfield code="a">EF COLL</subfield>
    <subfield code="q">pbk</subfield>
  </datafield>
  <datafield tag="040" ind1=" " ind2=" ">
    <subfield code="a">RDA</subfield>
    <subfield code="c">3228</subfield>
  </datafield>
  <datafield tag="041" ind1=" " ind2=" ">
    <subfield code="2">E</subfield>
  </datafield>
  <datafield tag="100" ind1=" " ind2=" ">
    <subfield code="a">Collins,Suzanne</subfield>
    <subfield code="9">131634</subfield>
  </datafield>
  <datafield tag="245" ind1=" " ind2=" ">
    <subfield code="a">Catching fire</subfield>
    <subfield code="c">Collins,Suzanne</subfield>
  </datafield>
  <datafield tag="260" ind1=" " ind2=" ">
    <subfield code="a">UK</subfield>
    <subfield code="b">Scholastic Children's Books</subfield>
    <subfield code="c">2009</subfield>
  </datafield>
  <datafield tag="300" ind1=" " ind2=" ">
    <subfield code="a">438 pages</subfield>
    <subfield code="c">19 pages</subfield>
  </datafield>
  <datafield tag="942" ind1=" " ind2=" ">
    <subfield code="2">ddc</subfield>
    <subfield code="c">BOOK</subfield>
    <subfield code="w">6786</subfield>
    <subfield code="x">Chimezie Obi</subfield>
    <subfield code="y">6786</subfield>
    <subfield code="z">Chimezie Obi</subfield>
  </datafield>
  <datafield tag="999" ind1=" " ind2=" ">
    <subfield code="c">777644</subfield>
    <subfield code="d">777643</subfield>
  </datafield>
  <datafield tag="952" ind1=" " ind2=" ">
    <subfield code="0">0</subfield>
    <subfield code="1">0</subfield>
    <subfield code="2">ddc</subfield>
    <subfield code="4">0</subfield>
    <subfield code="7">0</subfield>
    <subfield code="8">F</subfield>
    <subfield code="a">MBOMRL</subfield>
    <subfield code="b">MATPL</subfield>
    <subfield code="c">FIC</subfield>
    <subfield code="d">2025-06-11</subfield>
    <subfield code="g">229.00</subfield>
    <subfield code="o">EF COLL</subfield>
    <subfield code="p">33228031155749</subfield>
    <subfield code="r">2025-06-11</subfield>
    <subfield code="w">2025-06-11</subfield>
    <subfield code="y">BOOK</subfield>
  </datafield>
</record>
